Spaanse LaLiga Kampioenen - Statistieken

Algemene statistieken
  • Deze quiz is 16 keer genomen
  • De gemiddelde score is 7 van 9
Antwoordstatistieken
Hint Antwoord % Correct
11 Atlético Madrid
100%
28 FC Barcelona
100%
36 Real Madrid
100%
6 Valencia CF
92%
8 Athletic Bilbao
77%
1 Real Betis Balompié
69%
1 Sevilla FC
69%
1 Deportivo de La Coruña
54%
2 Real Sociedad
54%
Geen overeenkomende quizzen gevonden
Scoreverdeling
Procent van Mensen met Elke Score
Percentiel versus Aantal Correcte Antwoorden
Uw Scoregeschiedenis
U heeft deze quiz nog niet genomen